000
00260nam a22001217a 4500
041
_a
ENG
100
_a
Levine .J.R
245
_a
Advanced Unix For Dummies
260
_a
Delhi
_b
IDG
_c
1999
300
_a
366
650
_a
Computer (22)
856
_u
Computer (22)
999
_c
3015
_d
3015